LIBRARY & INFORMATION CENTRE, KCAET, TAVANUR

ONLINE PUBLIC ACCESS CATALOGUE (OPAC)

Normal view MARC view
  • Mechanics

Entry Topical Term

Number of records used in: 2

001 - CONTROL NUMBER

  • control field: 1797

003 - CONTROL NUMBER IDENTIFIER

  • control field: OSt

005 - DATE AND TIME OF LATEST TRANSACTION

  • control field: 20161014151306.0

008 - FIXED-LENGTH DATA ELEMENTS

  • fixed length control field: 161014|| aca||aabn | a|a d

040 ## - CATALOGING SOURCE

  • Original cataloging agency: OSt
  • Transcribing agency: OSt

150 ## - HEADING--TOPICAL TERM

  • Topical term or geographic name as entry element: Mechanics

670 ## - SOURCE DATA FOUND

  • Source citation: Work cat.: (OSt)230: Hariharakrishnan, A. 1696, Mechanics for Polytechnics and other Professional Courses / , 1967.
free website counter